30 biggest cities in Nebraska - Statistics

General Stats
  • This quiz has been taken 45 times
  • The average score is 13 of 30
Answer Stats
Population City % Correct
294,757 Lincoln
97%
483,335 Omaha
94%
52,622 Grand Island
84%
34,362 Kearney
81%
22,523 North Platte
78%
63,922 Bellevue
72%
14,305 Scottsbluff
69%
27,602 Fremont
59%
24,896 Hastings
59%
24,464 Columbus
56%
26,147 Norfolk
53%
23,791 Papillion
50%
13,856 South Sioux City
50%
8,056 Alliance
38%
7,414 Nebraska City
38%
7,967 Blair
34%
16,346 La Vista
34%
12,262 Beatrice
31%
8,180 York
31%
10,816 Lexington
25%
7,672 Seward
25%
9,054 Gretna
22%
7,253 McCook
22%
8,531 Gering
19%
7,488 Crete
16%
6,401 Ralston
16%
6,440 Sidney
16%
6,165 Wayne
13%
6,808 Plattsmouth
9%
6,529 Schuyler
6%
No matching quizzes found
Score Distribution
Percent of People with Each Score
Percentile by Number Answered
Your Score History
You have not taken this quiz